000
00329nam a22001457a 4500
008
230612b ||||| |||| 00| 0 eng d
020
_a
9781416037057
041
_a
eng
080
_2
7TH EDITION
_a
618
082
_a
618PER
100
_a
15
101
_a
GJKL
245
_a
BEFORE WE ARE BORN
_c
PERSAUD.N.V.T
942
_2
udc
_c
BK
999
_c
59931
_d
59931